| 000 | 00682nam a22001817a 4500 | ||
|---|---|---|---|
| 999 |
_c16826 _d16826 |
||
| 003 | AR-CdUCM | ||
| 008 | 190506b ||||| |||| 00| 0 spa d | ||
| 040 |
_aMUNICIPALIDAD PROVINCIAL DEL CUSCO _cBIBLIOTECA MUNICIPAL DEL CUSCO |
||
| 082 |
_a546 / _bK64 |
||
| 100 |
_aKlemn, Wilhelmn _936509 |
||
| 245 | _aQuímica Inorgánica / | ||
| 260 |
_aMéxico : _bUTEHA, _c1960. |
||
| 300 |
_a218 paginas ; _c18 cm. |
||
| 505 | _aContenido :Composición cualitativa del agua --Leyes de los gases --Composición cuantitativa del agua --Hidrógeno y oxigeno --Ozono y peróxido de hidrógeno ... | ||
| 650 |
_aQuímica Inorgánica _922210 |
||
| 942 |
_2ddc _cLIBROS |
||
| 945 |
_arjall _d2019-05-06 |
||